000 00453nam a2200181Ia 4500
008 230524s9999 xx 000 0 und d
020 _a8125918647
082 _a645.12
_bRAJ
100 _aS.Rajasekaran
245 0 _aEngineering Mechanics Statics and Dynamics
250 _a3RD
260 _aNEW DELHI
_bVikas
_c2005
300 _aXQP;85
500 _aQuantity Number: 2
650 _aMechanics
700 _a G.Sankarasubramanian
942 _cBK
999 _c11985
_d11985